Регионална библиотека "Любен Каравелов" - Русе

Докато лимоновите дръвчета растат (Запис номер 495523)

MARC детайли
000 -Лидер
Контролно поле с фиксирана дължина 01045nam a2200277 a 4500
003 - Код на организацията, давaща контролен номер
Контролно поле BLK
005 - Дата и час на последна редакция
Контролно поле 20250528172709.0
008 - Елементи от данни с фиксирана дължина
fixed length control field 200930b bu |||||r|||| 00| | bu d
020 ## - Международен стандартен номер на книга ISBN
Международен стандартен номер на книга ISBN 9789542842934
040 ## - Източник на каталожния запис
Идентификатор на билиотеката - собственик на записа BLK
041 ## - Код за език
Код за езика на текст/звукозапис или на отделно заглавие Български
Код за езика КДБФ Български
080 ## - УДК
Текстов определител УДК Канадска литература
УДК код - определител по УДК 821.111(71)
УДК - код + определител 821.111(71)-31
100 ## - Редна дума - Автор
R(LIN) 489151
Автор Катух, Зулфа
Авторска отговорност първи автор
139 ## - Редно поле
Авторски знак Кат - К 46
245 ## - Сведения за заглавието
Заглавие Докато лимоновите дръвчета растат
Подзаглавни данни Роман
Редно поле (дума) Зулфа Катух ; прев. от англ. Ирина Димитрова
257 ## - Страна на издаване
Страна на създаване/издаване България
260 ## - Област на издателските данни
9 (RLIN) 217021
Място на издаване, разпространение и проч. София
Име на издателя, разпространителя и проч. Сиела Норма
Година на издаване 2023
Издателство - префикс ISBN 978-954-28-
300 ## - Физическа характеристика
Страници 408 с.
Размери/Мащаб 21 см
380 ## - Жанр
Жанр Худож. лит.
700 1# - Други автори (авторска отговорност)
Лично име Димитрова, Ирина Атанасова
Дати, свързани с автора 1966-
Друга информация Преводач от английски език.
9 (RLIN) 62424
942 ## - АРТИКУЛИ
Вид на библиотечния материал Книги
Скрит в OPAC Не
Периодичен библиозапис Да
Koha issues (borrowed), all copies 40
944 ## - СЪЗДАВАНЕ И РЕДАКЦИЯ на ЗАПИСА
Дата на регистрацията/редакция Нора Радева
Служител, извършил регистрацията/редакцията 30575
Статус, дата на статуса Мартин Енчев
Създаване/Редакция
999 ## - СИСТЕМНИ КОНТРОЛНИ НОМЕРА
Koha biblionumber 495523
Koha biblioitemnumber 495523
999 ## - СИСТЕМНИ КОНТРОЛНИ НОМЕРА
Koha biblioitemnumber 495522
999 ## - СИСТЕМНИ КОНТРОЛНИ НОМЕРА
Koha biblioitemnumber 389507
999 ## - СИСТЕМНИ КОНТРОЛНИ НОМЕРА
Koha biblioitemnumber 389507
Наличности
Код за отписване Код за изгубен артикул Източник на класификационната схема Код за повреда Код за отдаване Артикулен № Име на библиотеката - собственик Име на библиотеката, в която се намира в момента Статус (Текущо местоположение) Дата на вписване в системата Местоположение - отдел Цена в лева Инвентарен номер Систематично азбучна сигнатура Баркод Цена в евро Служебен тип на артикула
  Не е изгубен Universal Decimal Classification Не е повреден заемане за дома 933365 Регионална библиотека "Любен Каравелов" Русе Регионална библиотека "Любен Каравелов" Русе Заемна - подръчен фонд 2023-09-14 Заемна - подръчен фонд 19.00 120000892533 821-31/К 46- З 120000892533 9.71 Книги
  Не е изгубен Universal Decimal Classification Не е повреден заемане за дома 933366 Регионална библиотека "Любен Каравелов" Русе Регионална библиотека "Любен Каравелов" Русе Заемна - подръчен фонд 2023-09-14 Заемна - подръчен фонд 19.00 120000892534 821-31/К 46- З 120000892534 9.71 Книги
Vip Innovations Ltd, Rousse, Bulgaria 2025